000 00563nam a22001577a 4500
003 OSt
005 20151101093511.0
008 151101b xxu||||| |||| 00| 0 eng d
040 _cRUA
082 _aFOR ចាយ 1990 B115 Or.1
100 _93106
_aចាយ, ជេដ្ឋា
245 _aសិក្សាបច្ចេកទេសអាជីវកម្មព្រៃឈើនៅរុក្ខដ្ឋានលំផាត់ខេត្តរតនគីរី
260 _aPhnom Penh
_bRUA
_c1990
300 _a185p.
_bill.
_c29cm.
942 _2ddc
_cFOR
999 _c2897
_d2897